000 00313nam a22001217a 4500
082 _a340.59 EZU
100 _aEzung, Stephen
245 _aA Critical Analysis of Muslim Personal Law in India
260 _aHyderabad
_bHenry Martyn Institute
_c2018
300 _a99
650 _aMuslim Personal Law
942 _cTHES
999 _c21212
_d21212